|
|
|
|
| LEADER |
02116nam a22004094a 4500 |
| 001 |
41632 |
| 003 |
BD-DhAAL |
| 005 |
20230814095712.0 |
| 008 |
230814t2006 nyua b 001 0 eng |
| 010 |
|
|
|a 2005935332
|
| 020 |
|
|
|a 9780387293677 (hbk. : alk. paper)
|
| 020 |
|
|
|a 0387293671 (hbk. : alk. paper)
|
| 020 |
|
|
|a 038729368X
|
| 020 |
|
|
|a 9780387293684
|
| 040 |
|
|
|a DLC
|c DLC
|d DLC
|d BD-DhAAL
|
| 042 |
|
|
|a pcc
|
| 050 |
0 |
0 |
|a HB99.3
|b .F45 2006
|
| 082 |
0 |
0 |
|a 330.1556
|2 22
|
| 100 |
1 |
|
|a Feldman, Allan M.,
|d 1943-
|9 55344
|
| 245 |
1 |
0 |
|a Welfare economics and social choice theory /
|c Allan M. Feldman and Roberto Serrano.
|
| 250 |
|
|
|a Second edition
|
| 260 |
|
|
|a New York, NY :
|b Springer,
|c 2006.
|
| 300 |
|
|
|a xii, 403 pages :
|b illustrations ;
|c 25 cm.
|
| 504 |
|
|
|a Includes bibliographical references and index.
|
| 526 |
|
|
|a ESS
|
| 541 |
|
|
|a Book finder International
|e 41633
|
| 650 |
|
0 |
|a Welfare economics.
|
| 650 |
|
0 |
|a Social choice.
|
| 700 |
1 |
|
|a Serrano, Roberto.
|9 55345
|
| 852 |
|
|
|a Ayesha Abed Library
|c General Stacks
|
| 942 |
|
|
|2 ddc
|c BK
|
| 999 |
|
|
|c 44287
|d 44287
|
| 952 |
|
|
|0 0
|1 0
|2 ddc
|4 0
|6 330_155600000000000_FEL
|7 0
|9 74174
|a BRACUL
|b BRACUL
|c GEN
|d 2023-08-03
|e Book Finder International
|g 13436.17
|l 1
|o 330.1556 FEL
|p 3010041636
|r 2024-10-08
|s 2024-10-08
|t 5
|v 13436.17
|w 2023-08-03
|y BK
|
| 952 |
|
|
|0 0
|1 0
|2 ddc
|4 0
|6 330_155600000000000_FEL
|7 0
|9 74175
|a BRACUL
|b BRACUL
|c GEN
|d 2023-08-03
|e Book Finder International
|g 13436.17
|l 0
|o 330.1556 FEL
|p 3010041632
|r 2023-08-03
|t 1
|v 13436.17
|w 2023-08-03
|y BK
|
| 952 |
|
|
|0 0
|1 0
|2 ddc
|4 0
|6 330_155600000000000_FEL
|7 0
|9 74177
|a BRACUL
|b BRACUL
|c GEN
|d 2023-08-03
|e Book Finder International
|g 13436.17
|l 0
|o 330.1556 FEL
|p 3010041635
|r 2023-08-03
|t 4
|v 13436.17
|w 2023-08-03
|y BK
|
| 952 |
|
|
|0 0
|1 0
|2 ddc
|4 0
|6 330_155600000000000_FEL
|7 0
|9 74178
|a BRACUL
|b BRACUL
|c GEN
|d 2023-08-03
|e Book Finder International
|g 13436.17
|l 0
|o 330.1556 FEL
|p 3010041634
|r 2023-08-03
|t 3
|v 13436.17
|w 2023-08-03
|y BK
|
| 952 |
|
|
|0 0
|1 0
|2 ddc
|4 0
|6 330_155600000000000_FEL
|7 0
|9 74216
|a BRACUL
|b BRACUL
|c GEN
|d 2023-08-03
|e Book Finder International
|g 13436.17
|l 0
|o 330.1556 FEL
|p 3010041633
|r 2023-08-03
|t 2
|v 13436.17
|w 2023-08-03
|y BK
|